| 000 | 00798nam a22002175i 4500 | ||
|---|---|---|---|
| 001 | 152385 | ||
| 003 | ES-MaACL | ||
| 005 | 20230906204720.0 | ||
| 008 | 961110q1901 sp a |||| | spa d | ||
| 040 |
_aCARM _bspa _cCCPB | SIC |
||
| 100 | 1 |
_aBoothby, Guy ( _d1867-1905) _9126075 |
|
| 245 | 1 | 3 |
_aLa venganza del doctor Nikola / _cnovela escrita en inglés por Guy Boothby. |
| 260 |
_a[Madrid] : _bBiblioteca de Alrrededor del Mundo, _c[19-?] |
||
| 300 |
_a87 p. : _bil. ; _c27 cm. |
||
| 490 | 1 | _aBiblioteca de Alrededor del Mundo | |
| 596 | 1 | _aGuido Newell Boothby escribió "La venganza del doctor Nikole" en 1901. | |
| 830 | 0 |
_aBiblioteca de Alrededor del Mundo _9187712 |
|
| 852 |
_aES-MaACL _jG-6060(7) _z-- Enc. hol. con otras obras |
||
| 999 |
_c152385 _d152385 |
||